000 00467cam a2200157 4500500
005 20260405001943.0
041 _afre
042 _adc
245 0 0 _aRoland Barthes
260 _c2015.
500 _a6
690 _aRoland Barthes
690 _aTiphaine Samoyault
786 0 _nPhilosophie magazine | 86 | 2 | 2015-02-01 | p. 76-76 | 1951-1787
856 4 1 _uhttps://shs.cairn.info/magazine-philosophie-magazine-2015-2-page-76?lang=fr&redirect-ssocas=7080
999 _c2052683
_d2052683